| 000 | 00487nam a22001457a 4500 | ||
|---|---|---|---|
| 005 | 20260311163252.0 | ||
| 008 | 260311b |||||||| |||| 00| 0 eng d | ||
| 050 |
_aTHE HD 30.37 .O44 2016 _b1 |
||
| 100 | _aSOPIA SAMUEL ,M.OLE | ||
| 245 | _aEFFECT OF CLOUD COMPUTING ENVIRONMENT ON TOTAL COST OF OWNERSHIP;A CASE OF INTERNET SERVCES PROVIDERS [SAFARICOM AND ACCESS KENYA] | ||
| 260 |
_aKISII _bKSU _c2016 |
||
| 300 | _aXVI,85P;ILL | ||
| 500 | _aINCLUDES REFERENCES | ||
| 942 |
_2lcc _cREF |
||
| 999 |
_c216834 _d216834 |
||